书目信息 |
| 题名: |
电视节目策划教程
|
|
| 作者: | 项仲平 著 | |
| 分册: | ||
| 出版信息: | 北京 北京大学出版社 2018 |
|
| 页数: | 219页 | |
| 开本: | 26cm | |
| 丛书名: | 全国高校广播电视专业规划教材 | |
| 单 册: | ||
| 中图分类: | G222.3-43 | |
| 科图分类: | ||
| 主题词: | 电视节目--dian shi jie mu--策划--高等学校--教材 | |
| 电子资源: | ||
| ISBN: | 978-7-301-25827-9 | |
| 000 | 00821cam 2200265 45 | |
| 001 | 012001004972 | |
| 005 | 20140101110344.0 | |
| 010 | @a978-7-301-25827-9@dCNY36.00 | |
| 099 | @aCAL 012015105887 | |
| 100 | @a20150921d2015 em y0chiy50 ea | |
| 101 | 0 | @achi |
| 102 | @aCN@b110000 | |
| 105 | @ay z 000yy | |
| 106 | @ar | |
| 200 | 1 | @a电视节目策划教程@Adian shi jie mu ce hua jiao cheng@f项仲平著 |
| 210 | @a北京@c北京大学出版社@d2018 | |
| 215 | @a219页@d26cm | |
| 225 | 2 | @a全国高校广播电视专业规划教材 |
| 300 | @a普通高等教育“十二五”规划教材 | |
| 461 | 0 | @12001 @a全国高校广播电视专业规划教材 |
| 606 | 0 | @a电视节目@Adian shi jie mu@x策划@x高等学校@j教材 |
| 690 | @aG222.3-43@v5 | |
| 701 | 0 | @a项仲平@Axiang zhong ping@4著 |
| 801 | 2 | @aCN@b江苏凤凰@c20191020 |
| 905 | @b1224546-51@dG222.3-43@e274@f6 | |
| 电视节目策划教程/项仲平著.-北京:北京大学出版社,2018 |
| 219页;26cm.-(全国高校广播电视专业规划教材) |
| 普通高等教育“十二五”规划教材 |
| ISBN 978-7-301-25827-9:CNY36.00 |
| ● |
| 相关链接 |
|
|
|
|
正题名:电视节目策划教程
索取号:G222.3-43/274
 
预约/预借
| 序号 | 登录号 | 条形码 | 馆藏地/架位号 | 状态 | 备注 |
| 1 | 1224546 | 212245462 | 第一样本阅览室/ [索取号:G222.3-43/274] | 在馆 | |
| 2 | 1224547 | 212245471 | 教育系资料室/ [索取号:G222.3-43/274] | 在馆 | |
| 3 | 1224548 | 212245480 | 教育系资料室/ [索取号:G222.3-43/274] | 在馆 | |
| 4 | 1224549 | 212245499 | 教育系资料室/ [索取号:G222.3-43/274] | 在馆 | |
| 5 | 1224550 | 212245505 | 第四借阅区/ [索取号:G222.3-43/274] | 在馆 | |
| 6 | 1224551 | 212245514 | 第四借阅区/ [索取号:G222.3-43/274] | 在馆 |